[Event "BL2-N 9495"]
[Site "Germany"]
[Date "1995.??.??"]
[Round "?"]
[White "Hector, Jonny"]
[Black "Geveke, Michael"]
[Result "1-0"]
[WhiteElo "2530"]
[BlackElo "2345"]
[PlyCount "65"]
[EventDate "1994.??.??"]
[Source "ChessBase"]

1. e4 e6 2. d4 d5 3. Nc3 Bb4 4. e5 c5 5. Bd2 Nc6 6. Nb5 Bxd2+ 7. Qxd2 Nxd4 8.
Nxd4 cxd4 9. f4 Qb6 10. b4 Ne7 11. Nf3 Bd7 12. a4 O-O 13. Bd3 f6 14. O-O a6 15.
Kh1 Qc7 16. Qf2 Nc6 17. Rab1 a5 18. b5 Nb4 19. Qxd4 f5 20. Qf2 Rac8 21. Nd4 b6
22. Rg1 Kh8 23. Rbe1 Qc3 24. Qe3 Nxd3 25. cxd3 Qb4 26. Ra1 Rc3 27. g4 fxg4 28.
Rxg4 g6 29. Rag1 Qa3 30. f5 exf5 31. Rxg6 f4 32. Qxf4 Rcc8 33. Rg8+ 1-0

[Event "Gothenburg op 30' "]
[Site "Gothenburg"]
[Date "1994.??.??"]
[Round "6"]
[White "Lejlic, Samir"]
[Black "Hector, Jonny"]
[Result "1-0"]
[WhiteElo "2420"]
[BlackElo "2515"]
[PlyCount "55"]
[EventDate "1994.??.??"]
[Source "ChessBase"]

1. Nc3 d5 2. d4 Nf6 3. Bg5 Nbd7 4. Nf3 h6 5. Bf4 c6 6. e3 Nh5 7. Be5 Qb6 8. Na4
Qa5+ 9. c3 Nxe5 10. Nxe5 Nf6 11. b4 Qc7 12. Bd3 g6 13. Qc2 Nd7 14. f4 Nxe5 15.
fxe5 Rg8 16. O-O Bg4 17. h3 Bd7 18. Rf3 f5 19. exf6 O-O-O 20. c4 e5 21. cxd5
exd4 22. exd4 Bxb4 23. Rb1 Bd6 24. Nc5 Bxc5 25. Qxc5 cxd5 26. Qxa7 Bc6 27. f7
Rgf8 28. Rf6 1-0

[Event "Gothenburg op 30' "]
[Site "Gothenburg"]
[Date "1994.??.??"]
[Round "8"]
[White "Ahlander, Bjorn"]
[Black "Hector, Jonny"]
[Result "1-0"]
[WhiteElo "2415"]
[BlackElo "2515"]
[PlyCount "89"]
[EventDate "1994.??.??"]
[Source "ChessBase"]

1. d4 d5 2. c4 c6 3. Nf3 Nf6 4. Nc3 e6 5. Bg5 dxc4 6. e4 b5 7. e5 h6 8. Bh4 g5
9. Nxg5 hxg5 10. Bxg5 Nbd7 11. exf6 Bb7 12. g3 c5 13. d5 Ne5 14. Bg2 Nd3+ 15.
Kf1 Qd7 16. Qf3 exd5 17. Nxd5 O-O-O 18. Ne7+ Bxe7 19. Qxb7+ Qxb7 20. Bxb7+ Kxb7
21. fxe7 Rd6 22. Rd1 Kc6 23. Kg2 Re8 24. h4 f6 25. Bh6 Re6 26. Bf8 Nxb2 27.
Rde1 Rxe1 28. Rxe1 c3 29. h5 Nd3 30. Re2 Ne5 31. h6 Ng6 32. h7 Kd7 33. f4 f5
34. g4 b4 35. gxf5 Nh8 36. f6 c4 37. Bg7 Nf7 38. h8=Q Rxh8 39. Bxh8 Ke8 40. Re4
Nd6 41. Rd4 c2 42. Rxd6 Kf7 43. Rd8 Kg6 44. e8=Q+ Kf5 45. Qb5+ 1-0

[Event "Osterskan op"]
[Site "Osterskan"]
[Date "1994.??.??"]
[Round "?"]
[White "Hector, Jonny"]
[Black "Raaste, Eero J"]
[Result "1-0"]
[WhiteElo "2530"]
[BlackElo "2350"]
[PlyCount "63"]
[EventDate "1994.??.??"]
[Source "ChessBase"]

1. e4 e6 2. d4 d5 3. Nc3 Bb4 4. e5 c5 5. Bd2 Nc6 6. Nb5 Bxd2+ 7. Qxd2 Nxd4 8.
Nxd4 cxd4 9. f4 Ne7 10. Nf3 Nf5 11. Bd3 g6 12. Bxf5 gxf5 13. O-O-O Bd7 14. h3
Qb6 15. g4 O-O-O 16. Nxd4 Qa6 17. Kb1 Kb8 18. Rhg1 Rhg8 19. Rg3 Rc8 20. Rdg1
Rg6 21. Qb4 Qc4 22. Qd6+ Qc7 23. Qe7 Ba4 24. Qxc7+ Rxc7 25. h4 fxg4 26. Rxg4 a6
27. h5 Rh6 28. Rg8+ Ka7 29. b3 Bd7 30. Rf8 Bc8 31. Rh1 b5 32. Nf3 1-0

[Event "Geneve op"]
[Site "Geneve"]
[Date "1994.??.??"]
[Round "1"]
[White "Hector, Jonny"]
[Black "Arikok, Enis"]
[Result "1-0"]
[WhiteElo "2515"]
[BlackElo "2200"]
[PlyCount "69"]
[EventDate "1994.01.??"]
[Source "ChessBase"]

1. e4 c5 2. Nf3 e6 3. d4 cxd4 4. Nxd4 Nf6 5. Nc3 d6 6. g4 Nc6 7. g5 Nd7 8. Be3
Be7 9. Qh5 O-O 10. O-O-O a6 11. f4 Nxd4 12. Rxd4 Re8 13. f5 g6 14. fxg6 fxg6
15. Qg4 Ne5 16. Qg3 Rf8 17. Be2 b5 18. h4 Qa5 19. h5 b4 20. Nb1 Rf7 21. hxg6
Nxg6 22. Bh5 Qe5 23. Qg1 d5 24. Bxg6 hxg6 25. Nd2 Bc5 26. exd5 Bxd4 27. Bxd4
Rf1+ 28. Qxf1 Qxd4 29. Qh3 Ra7 30. Nf3 Qg7 31. dxe6 Re7 32. Re1 Qf8 33. Qg4 Bb7
34. Ne5 Qf2 35. Nd3 1-0

[Event "Copenhagen op 16th"]
[Site "Copenhagen"]
[Date "1994.??.??"]
[Round "2"]
[White "Hector, Jonny"]
[Black "Fries Nielsen, Jens Ove"]
[Result "1-0"]
[WhiteElo "2515"]
[BlackElo "2395"]
[PlyCount "53"]
[EventDate "1994.06.??"]
[Source "ChessBase"]

1. e4 e6 2. d4 d5 3. Nc3 Nf6 4. Bg5 dxe4 5. Nxe4 Nbd7 6. Nf3 Be7 7. Nxf6+ Bxf6
8. h4 c5 9. dxc5 Qa5+ 10. c3 Qxc5 11. Qc2 h6 12. Be3 Qa5 13. Nd2 Be7 14. g4 Nf6
15. Nc4 Qc7 16. Bd4 Qf4 17. Rg1 Qh2 18. Rg3 Qxh4 19. O-O-O Nd5 20. Ne5 Qg5+ 21.
Kb1 Bd6 22. Nf3 Qe7 23. Bxg7 Rg8 24. Be5 Bxe5 25. Nxe5 Qf6 26. Bb5+ Ke7 27. Qe2
1-0

[Event "Copenhagen op 16th"]
[Site "Copenhagen"]
[Date "1994.??.??"]
[Round "4"]
[White "Hector, Jonny"]
[Black "Hansen, Sune Berg"]
[Result "1-0"]
[WhiteElo "2515"]
[BlackElo "2415"]
[PlyCount "78"]
[EventDate "1994.06.??"]
[Source "ChessBase"]

1. e4 c5 2. Nf3 d6 3. d4 cxd4 4. Nxd4 Nf6 5. Nc3 g6 6. Be3 Bg7 7. f3 Nc6 8. Bc4
O-O 9. Qe2 Bd7 10. O-O-O Na5 11. Bb3 Nxb3+ 12. cxb3 a6 13. Kb1 Qa5 14. Qd2 Rfc8
15. g4 b5 16. a3 Rab8 17. g5 Nh5 18. Rc1 Qd8 19. Nd5 Bxd4 20. Qxd4 Bc6 21. Bd2
Bxd5 22. exd5 Qd7 23. Rhe1 Rxc1+ 24. Rxc1 f6 25. Ka2 fxg5 26. Bxg5 Ng7 27. Rc6
Nf5 28. Qc3 h6 29. Bd2 Qb7 30. Qc2 Kh7 31. Qe4 Rc8 32. Qe6 Rf8 33. Ba5 Ng7 34.
Qe4 Ne8 35. Bc7 Rf7 36. Qe6 Kg7 37. Ba5 b4 38. Bxb4 Nc7 39. Bc3+ Kf8 1-0

[Event "Heart of Finland op 4th"]
[Site "Jyvaskyla"]
[Date "1994.??.??"]
[Round "?"]
[White "Hector, Jonny"]
[Black "Erneste, Inguna"]
[Result "1-0"]
[WhiteElo "2530"]
[BlackElo "2285"]
[PlyCount "45"]
[EventDate "1994.07.??"]
[Source "ChessBase"]

1. e4 e5 2. f4 d5 3. exd5 exf4 4. Nf3 Qxd5 5. Nc3 Qd8 6. Qe2+ Qe7 7. d4 Qxe2+
8. Bxe2 c6 9. Bxf4 Nf6 10. O-O Bb4 11. Nd1 O-O 12. c4 Re8 13. Bd3 Bg4 14. Ne5
Be6 15. a3 Bf8 16. Nc3 Nbd7 17. Nxd7 Bxd7 18. h3 Nh5 19. Be5 f6 20. Bh2 Re3 21.
Rad1 Ng3 22. Bxg3 Rxg3 23. Ne4 1-0

[Event "Heart of Finland op 4th"]
[Site "Jyvaskyla"]
[Date "1994.??.??"]
[Round "?"]
[White "Hector, Jonny"]
[Black "Salo, Heikki"]
[Result "1-0"]
[WhiteElo "2530"]
[BlackElo "2225"]
[PlyCount "87"]
[EventDate "1994.07.??"]
[Source "ChessBase"]

1. e4 e5 2. Nf3 Nc6 3. Bc4 Nf6 4. d4 exd4 5. e5 d5 6. Bb5 Ne4 7. Nxd4 Bc5 8.
Be3 Bxd4 9. Qxd4 O-O 10. Bxc6 bxc6 11. Nc3 Ng5 12. Bxg5 Qxg5 13. h4 Qxg2 14.
O-O-O Qg4 15. Qe3 Qe6 16. Rhg1 f6 17. f4 Qf7 18. Rd2 Bf5 19. Rdg2 g6 20. h5
fxe5 21. fxe5 Rae8 22. Ne2 Be4 23. hxg6 Bxg6 24. Qh6 Re6 25. Nd4 Rfe8 26. Nxe6
Rxe6 27. Qe3 Qe7 28. Re1 c5 29. Qb3 c6 30. Qb8+ Kg7 31. Rg3 Qf7 32. Rgg1 c4 33.
Rgf1 Qe7 34. Rf6 Rxf6 35. exf6+ Qxf6 36. Qxa7+ Bf7 37. Rg1+ Kf8 38. Qb8+ Be8
39. Re1 Qg6 40. a4 Qg5+ 41. Kb1 Qg6 42. a5 d4 43. a6 d3 44. Qxe8+ 1-0

[Event "Heart of Finland op 4th"]
[Site "Jyvaskyla"]
[Date "1994.??.??"]
[Round "?"]
[White "Hector, Jonny"]
[Black "Solozhenkin, Evgeniy"]
[Result "1-0"]
[WhiteElo "2530"]
[BlackElo "2505"]
[PlyCount "69"]
[EventDate "1994.07.??"]
[Source "ChessBase"]

1. e4 c6 2. d4 d5 3. Nd2 dxe4 4. Nxe4 Nd7 5. Ng5 Ngf6 6. Bc4 e6 7. Qe2 Nb6 8.
Bd3 h6 9. N5f3 c5 10. Be3 Qc7 11. c3 a6 12. Ne5 Nbd5 13. Ngf3 cxd4 14. cxd4
Bb4+ 15. Nd2 Nd7 16. O-O Nxe5 17. dxe5 O-O 18. Nf3 Rd8 19. Rac1 Qe7 20. a3 Nxe3
21. Qxe3 Ba5 22. Bb1 Rd7 23. Rc4 Qd8 24. Rg4 Kf8 25. Qe4 g6 26. Nh4 Bd2 27.
Nxg6+ fxg6 28. Qxg6 Bg5 29. h4 Rd1 30. hxg5 Rxf1+ 31. Kh2 Rh1+ 32. Kg3 hxg5 33.
Rxg5 Qxg5+ 34. Qxg5 Rxb1 35. Qf6+ 1-0

[Event "Heart of Finland op 4th"]
[Site "Jyvaskyla"]
[Date "1994.??.??"]
[Round "?"]
[White "Hector, Jonny"]
[Black "Vorotnikov, Vladislav V"]
[Result "1-0"]
[WhiteElo "2530"]
[BlackElo "2465"]
[PlyCount "89"]
[EventDate "1994.07.??"]
[Source "ChessBase"]

1. e4 d6 2. d4 Nf6 3. Nc3 e5 4. dxe5 dxe5 5. Qxd8+ Kxd8 6. Bg5 c6 7. f4 Nbd7 8.
Bc4 h6 9. Bxf6+ Nxf6 10. fxe5 Ng4 11. Bxf7 Bc5 12. Na4 Bxg1 13. Rxg1 Nxh2 14.
Nc5 Ke7 15. e6 b6 16. Nd3 Ng4 17. O-O-O g5 18. Nb4 Ne5 19. Rd2 a5 20. Nd3 Nxd3+
21. Rxd3 Bxe6 22. Bxe6 Kxe6 23. Rgd1 Ke5 24. Rd7 Rae8 25. a4 h5 26. Rc7 Re6 27.
Rf7 Rg6 28. Re7+ Kf4 29. Rf7+ Kg3 30. Rf3+ Kh2 31. g4 hxg4 32. Rd2+ Kg1 33.
Rg3+ Kf1 34. Rdg2 Rh3 35. Rxg4 Re3 36. b3 Rxe4 37. Rxg5 Rxg5 38. Rxg5 Ke2 39.
Rg6 c5 40. Rxb6 c4 41. Kb2 Re3 42. bxc4 Re4 43. Kc3 Re3+ 44. Kd4 Kd2 45. c5 1-0

[Event "Heart of Finland op 4th"]
[Site "Jyvaskyla"]
[Date "1994.??.??"]
[Round "?"]
[White "Knaak, Rainer"]
[Black "Hector, Jonny"]
[Result "1-0"]
[WhiteElo "2520"]
[BlackElo "2530"]
[PlyCount "123"]
[EventDate "1994.07.??"]
[Source "ChessBase"]

1. d4 d5 2. c4 c6 3. Nc3 Nf6 4. cxd5 cxd5 5. Bf4 Nc6 6. e3 Bf5 7. Bb5 e6 8. Qa4
Qb6 9. Nf3 Be7 10. Ne5 O-O 11. Bxc6 Qxb2 12. O-O Rfc8 13. e4 bxc6 14. Nxc6 Bf8
15. exf5 Qxc3 16. Rac1 Qa3 17. Qb5 Ne4 18. Qb7 exf5 19. f3 Nd6 20. Qd7 Re8 21.
Rce1 Rxe1 22. Rxe1 Qc3 23. Rf1 Rc8 24. Rc1 Qb2 25. Rd1 Qe2 26. Rc1 Re8 27. h4
Nc4 28. Kh2 Qe6 29. Qxe6 Rxe6 30. Nxa7 Be7 31. Nb5 Bxh4 32. Nc7 Re2 33. Nxd5 g5
34. Rxc4 gxf4 35. Nxf4 Rxa2 36. d5 Be7 37. Nh5 Bd6+ 38. f4 Kf8 39. Ng3 Ke7 40.
Nxf5+ Kd7 41. Kg3 Bf8 42. Kf3 h5 43. g3 Ra3+ 44. Ke4 Be7 45. Ke5 Ra1 46. Nxe7
Kxe7 47. d6+ Kd8 48. Rc7 Re1+ 49. Kf6 Re3 50. Rxf7 Rxg3 51. Rh7 Rd3 52. Ke5
Re3+ 53. Kd4 Rf3 54. Ke4 Rf1 55. f5 Re1+ 56. Kd5 Rd1+ 57. Ke6 Re1+ 58. Kf7 Kd7
59. f6 Rg1 60. Kf8+ Ke6 61. f7 Kxd6 62. Rxh5 1-0

[Event "Antwerp op"]
[Site "Antwerp"]
[Date "1994.??.??"]
[Round "1"]
[White "Hector, Jonny"]
[Black "Goossens, Etienne"]
[Result "1-0"]
[WhiteElo "2530"]
[BlackElo "2075"]
[PlyCount "51"]
[EventDate "1994.08.??"]
[Source "ChessBase"]

1. e4 c5 2. Nf3 Nc6 3. Nc3 e6 4. d4 cxd4 5. Nxd4 Nf6 6. Be3 Bb4 7. Bd3 d5 8.
Nxc6 bxc6 9. e5 d4 10. exf6 dxc3 11. b3 Qxf6 12. O-O O-O 13. Bd4 Qg5 14. Qe2
Bd6 15. Qe4 Qh6 16. f4 Bb7 17. Bxc3 Rad8 18. Rf3 Rfe8 19. Raf1 Re7 20. Rh3 f5
21. Qe3 Qg6 22. Qxa7 c5 23. Rg3 Qe8 24. Bxg7 Ra8 25. Qb6 Bc6 26. Be5+ 1-0

[Event "Aceimar op"]
[Site "Aceimar"]
[Date "1995.??.??"]
[Round "?"]
[White "Hector, Jonny"]
[Black "Brito Garcia, Alfredo"]
[Result "1-0"]
[WhiteElo "2540"]
[BlackElo "2345"]
[PlyCount "53"]
[EventDate "1995.??.??"]
[Source "ChessBase"]

1. e4 g6 2. d4 c6 3. f4 d5 4. e5 h5 5. Nf3 Bg4 6. Be2 Nh6 7. h3 Bxf3 8. Bxf3 h4
9. O-O Nf5 10. e6 fxe6 11. Re1 Qd6 12. c3 Bh6 13. Qe2 Kd7 14. b3 Ng3 15. Qd3
Nf5 16. Na3 Bxf4 17. Bxf4 Qxf4 18. Re5 Na6 19. Rf1 Nc5 20. Qd1 Ne4 21. Bxe4
Qe3+ 22. Rf2 dxe4 23. Nc4 Qxc3 24. Rxe4 Rad8 25. Rf3 Qb4 26. a3 Qb5 27. Re5 1-0

[Event "Geneve op"]
[Site "Geneve"]
[Date "1995.??.??"]
[Round "5"]
[White "Hector, Jonny"]
[Black "Gallagher, Joseph G"]
[Result "1-0"]
[WhiteElo "2540"]
[BlackElo "2515"]
[PlyCount "97"]
[EventDate "1995.??.??"]
[Source "ChessBase"]

1. e4 c5 2. Nf3 Nc6 3. d4 cxd4 4. Nxd4 g6 5. Nc3 Bg7 6. Be3 Nf6 7. Bc4 O-O 8.
Bb3 a5 9. f3 d5 10. Bxd5 Nxd5 11. exd5 Nb4 12. Nde2 Bf5 13. Rc1 Ra6 14. a3 Rd6
15. axb4 axb4 16. Bd4 bxc3 17. Nxc3 Bh6 18. Ra1 Be6 19. Bc5 Rd7 20. Qe2 Bxd5
21. Nxd5 Rxd5 22. Bxe7 Qe8 23. O-O Bf4 24. Qc4 Be3+ 25. Kh1 Rd4 26. Qc5 Rd7 27.
Qxe3 Rxe7 28. Qc3 Re3 29. Qb4 Qc6 30. Rfe1 Rxe1+ 31. Rxe1 Qxc2 32. Qxb7 Qd2 33.
Rg1 Re8 34. h3 h5 35. b4 h4 36. Qb5 Re3 37. Qg5 Qf2 38. Qd8+ Kg7 39. Qd4+ Kg8
40. b5 Rxf3 41. Qxf2 Rxf2 42. Rb1 Rc2 43. b6 Rc8 44. Kg1 Kf8 45. Kf2 Ke7 46.
Kf3 Kd7 47. b7 Rb8 48. Kg4 f6 49. Rb6 1-0

[Event "Copenhagen BSF"]
[Site "Copenhagen"]
[Date "1995.??.??"]
[Round "6"]
[White "Pinter, Jozsef"]
[Black "Hector, Jonny"]
[Result "1-0"]
[WhiteElo "2555"]
[BlackElo "2540"]
[PlyCount "103"]
[EventDate "1995.03.??"]
[Source "ChessBase"]

1. c4 Nf6 2. Nf3 c6 3. Qa4 d5 4. cxd5 b5 5. Qc2 cxd5 6. e3 a6 7. Be2 Ra7 8. O-O
Rc7 9. Qd1 Bf5 10. d3 Nc6 11. a4 b4 12. Nbd2 e5 13. e4 Bg6 14. exd5 Qxd5 15.
Nc4 Be7 16. Be3 O-O 17. Rc1 Ng4 18. Bb6 Rd7 19. h3 Nf6 20. Re1 Qe6 21. Bf1 Nd5
22. Nfxe5 Nxe5 23. Rxe5 Qf6 24. a5 Nxb6 25. axb6 Bd6 26. Ra5 Bb8 27. Qf3 Qd8
28. Rd1 Rd4 29. Raa1 Rf4 30. Qe3 Re8 31. Qd2 Qd4 32. Re1 Rf8 33. Re3 Qf6 34.
Rae1 Rxf2 35. Qxb4 Rxf1+ 36. Rxf1 Qd4 37. Qc3 Be5 38. Kh1 Qxe3 39. Nxe5 Qxb6
40. Nd7 Qd8 41. Nxf8 Qxf8 42. Ra1 h5 43. Rxa6 Qe8 44. Qd2 Qd7 45. Ra3 Be4 46.
d4 Qf5 47. Kg1 Bd5 48. Re3 Qb1+ 49. Re1 Qg6 50. Re8+ Kh7 51. Re5 Be4 52. Qg5
1-0

[Event "Malmo"]
[Site "Malmo"]
[Date "1995.??.??"]
[Round "9"]
[White "Hellsten, Johan"]
[Black "Hector, Jonny"]
[Result "1-0"]
[WhiteElo "2420"]
[BlackElo "2540"]
[PlyCount "80"]
[EventDate "1995.05.??"]
[Source "ChessBase"]

1. e4 e5 2. Nf3 Nc6 3. Nc3 Nf6 4. Bb5 Nd4 5. Nxd4 exd4 6. e5 dxc3 7. exf6 Qxf6
8. dxc3 c6 9. Bd3 d5 10. O-O Bd6 11. Qh5 h6 12. Be3 Be6 13. f4 Bc7 14. Kh1 Bb6
15. f5 Bd7 16. Bf4 O-O 17. Bg3 Be3 18. Bh4 Bg5 19. Bf2 Bxf5 20. h4 Bxd3 21.
cxd3 Bf4 22. Bc5 Rfe8 23. Qg4 g5 24. g3 h5 25. Qf3 Re6 26. gxf4 g4 27. Qg3 Rae8
28. f5 Re2 29. Bd4 Qh6 30. Rae1 Qd2 31. Rxe2 Qxe2 32. Qf4 Kh7 33. f6 Qxd3 34.
Qf5+ Qxf5 35. Rxf5 Re2 36. Rxh5+ Kg6 37. Rg5+ Kh6 38. Rg7 b6 39. Rxf7 c5 40.
Re7 Rxb2 1-0

[Event "Copenhagen op 17th"]
[Site "Copenhagen"]
[Date "1995.??.??"]
[Round "4"]
[White "Hector, Jonny"]
[Black "Jelling, Erik"]
[Result "1-0"]
[WhiteElo "2540"]
[BlackElo "2415"]
[PlyCount "53"]
[EventDate "1995.06.??"]
[Source "ChessBase"]

1. e4 c6 2. d4 d5 3. exd5 cxd5 4. c4 Nf6 5. Nc3 e6 6. Nf3 Be7 7. cxd5 Nxd5 8.
Bd3 Nc6 9. O-O O-O 10. Re1 Qd6 11. a3 Rd8 12. Bb1 Nf6 13. Be3 b6 14. Qc2 Bb7
15. h3 Rac8 16. Ba2 Nd5 17. Nxd5 exd5 18. Qd2 Re8 19. Bf4 Qd8 20. Re3 Na5 21.
Rae1 f6 22. Qe2 Kf7 23. Nh4 g6 24. Qg4 Nc4 25. Qe6+ Kg7 26. Nf5+ gxf5 27. Rg3+
1-0

[Event "La Coruna TH op"]
[Site "La Coruna"]
[Date "1995.??.??"]
[Round "1"]
[White "Hector, Jonny"]
[Black "Campos Calvo, Sotelo Juan"]
[Result "1-0"]
[WhiteElo "2510"]
[BlackElo "2015"]
[PlyCount "45"]
[EventDate "1995.07.??"]
[Source "ChessBase"]

1. e4 Nc6 2. Nc3 e5 3. f4 Bc5 4. fxe5 Bxg1 5. Rxg1 Nxe5 6. d4 Ng6 7. Qf3 d6 8.
Be3 Qf6 9. Nd5 Qxf3 10. gxf3 Kd8 11. O-O-O N8e7 12. Nxe7 Kxe7 13. h4 Kf8 14. h5
Ne7 15. Bd3 Bd7 16. Rg3 g6 17. Rh1 Rg8 18. hxg6 hxg6 19. Rh7 Be6 20. Bb5 a6 21.
Bh6+ Rg7 22. Rxg7 axb5 23. R7xg6+ 1-0

[Event "La Coruna TH op"]
[Site "La Coruna"]
[Date "1995.??.??"]
[Round "3"]
[White "Hector, Jonny"]
[Black "Paramos Dominguez, Roberto"]
[Result "1-0"]
[WhiteElo "2510"]
[BlackElo "2375"]
[PlyCount "75"]
[EventDate "1995.07.??"]
[Source "ChessBase"]

1. e4 c5 2. Nf3 e6 3. d4 cxd4 4. Nxd4 a6 5. c4 Nf6 6. Nc3 Bb4 7. Bd3 Nc6 8. Bc2
Qc7 9. O-O Nxd4 10. Qxd4 Ng4 11. e5 Nxe5 12. Ne4 d6 13. f4 Qxc4 14. Be3 Qxd4
15. Bxd4 d5 16. fxe5 dxe4 17. Bxe4 O-O 18. Rac1 Ba5 19. a3 Rd8 20. Bf2 Rd7 21.
b4 Bc7 22. Rc5 Bb6 23. Rc2 Bxf2+ 24. Kxf2 f5 25. Bf3 Rd3 26. Rc7 Bd7 27. Bxb7
Ra7 28. Rfc1 h6 29. Ke2 Bb5 30. a4 Rd5+ 31. axb5 Rxe5+ 32. Kf3 axb5 33. Rd7
Ra3+ 34. Kf4 Re2 35. Rc8+ Kh7 36. Rcc7 e5+ 37. Kxf5 Rf2+ 38. Kxe5 1-0

[Event "Berliner Sommer"]
[Site "Berlin"]
[Date "1995.??.??"]
[Round "7"]
[White "Hector, Jonny"]
[Black "Sergeev, Vladimir"]
[Result "1-0"]
[WhiteElo "2510"]
[BlackElo "2415"]
[PlyCount "127"]
[EventDate "1995.08.??"]
[Source "ChessBase"]

1. e4 Nf6 2. Nc3 d5 3. e5 Nfd7 4. e6 fxe6 5. d4 c5 6. Nf3 Nc6 7. Bb5 g6 8. dxc5
Bg7 9. Be3 Qa5 10. O-O O-O 11. Rb1 a6 12. Bxc6 bxc6 13. Re1 Qc7 14. Ng5 Ne5 15.
Bd4 Rf5 16. Nh3 Nf7 17. Bxg7 Kxg7 18. Na4 e5 19. Nb6 Rb8 20. c4 Be6 21. b4 Rh5
22. Nf4 exf4 23. Rxe6 f3 24. g3 Ng5 25. cxd5 Nxe6 26. dxe6 Rf8 27. Rb3 Qe5 28.
Nd7 Rd8 29. Re3 Qd5 30. Qxf3 Qxf3 31. Rxf3 Rf5 32. Ra3 Ra8 33. Kg2 Ra7 34. Nb8
Kf6 35. Nxc6 Ra8 36. Rd3 Rc8 37. Nd8 Ke5 38. a4 Rf8 39. Nb7 Rc7 40. Na5 Kxe6
41. Nb3 Rfc8 42. Kf3 Rd7 43. Rc3 Rb7 44. b5 axb5 45. axb5 Kf6 46. Ke4 Rxb5 47.
Kd5 e6+ 48. Kc4 Rb7 49. Nd4 Rb1 50. f4 Ke7 51. c6 Kd6 52. Nb5+ Kxc6 53. Na7+
Kb7+ 54. Nxc8 Kxc8 55. Kd4+ Kd7 56. Ke5 Rb7 57. Kf6 Rb5 58. Kg7 Rh5 59. h4 e5
60. Rd3+ Kc6 61. fxe5 Rxe5 62. Kxh7 Re6 63. Kh6 Kc7 64. g4 1-0

[Event "Wichern op 3rd"]
[Site "Hamburg"]
[Date "1995.??.??"]
[Round "6"]
[White "Hector, Jonny"]
[Black "Fries Nielsen, Jens Ove"]
[Result "1-0"]
[WhiteElo "2510"]
[BlackElo "2415"]
[PlyCount "59"]
[EventDate "1995.09.??"]
[Source "ChessBase"]

1. e4 d5 2. exd5 Qxd5 3. Nc3 Qa5 4. d4 Nf6 5. Bc4 c6 6. Bd2 Bf5 7. Qf3 Bxc2 8.
Rc1 Bg6 9. d5 Qd8 10. Nh3 Nbd7 11. Nf4 Ne5 12. Qe2 Nxc4 13. Qxc4 Rc8 14. O-O
Bf5 15. Qa4 g5 16. Nfe2 Nxd5 17. Rfd1 f6 18. Bxg5 b5 19. Nxb5 cxb5 20. Qxb5+
Bd7 21. Qxd5 fxg5 22. Qxg5 Qb6 23. Qh5+ Qg6 24. Rxc8+ Bxc8 25. Qc5 Qf5 26. Rd5
Qb1+ 27. Nc1 Be6 28. Rd3 Bg7 29. Qh5+ Bf7 30. Qb5+ 1-0

[Event "BL2-N 9697"]
[Site "Germany"]
[Date "1996.??.??"]
[Round "?"]
[White "Hector, Jonny"]
[Black "Rabiega, Robert"]
[Result "1-0"]
[WhiteElo "2525"]
[BlackElo "2475"]
[PlyCount "105"]
[EventDate "1996.??.??"]
[Source "ChessBase"]

1. e4 c5 2. Nf3 Nc6 3. d4 cxd4 4. Nxd4 Qb6 5. Nb3 Nf6 6. Nc3 e6 7. Qe2 d6 8. g4
a6 9. g5 Nd7 10. h4 Qc7 11. h5 b5 12. Rh3 Nb6 13. a4 b4 14. a5 Nd7 15. Nb1 Nc5
16. Be3 e5 17. Nxc5 dxc5 18. Rg3 Nxa5 19. Nd2 Be7 20. Bh3 Bxh3 21. Rxh3 c4 22.
Nf3 Nb7 23. Nh4 g6 24. Ng2 Nd6 25. Bd2 Qb7 26. f3 c3 27. bxc3 Qc8 28. Rh1 bxc3
29. Bc1 Nc4 30. Ra4 Nb2 31. Ra5 Qc7 32. Rxa6 O-O 33. Ne3 Rxa6 34. Qxa6 Bxg5 35.
Nd5 Bd2+ 36. Kf2 Qd8 37. hxg6 fxg6 38. Qe6+ Rf7 39. Rxh7 Kxh7 40. Qxf7+ Kh6 41.
Ne7 Qb6+ 42. Kg2 Nd1 43. Ng8+ Kg5 44. Qe7+ Kf4 45. Qh4+ Ke3 46. Qe1+ Kf4 47.
Qxd1 Bxc1 48. Qxc1+ Qe3 49. Qxe3+ Kxe3 50. Ne7 Kd2 51. Nxg6 Kxc2 52. Nxe5 Kb3
53. Kf2 1-0

[Event "BL2-N 9697"]
[Site "Germany"]
[Date "1997.??.??"]
[Round "?"]
[White "Hector, Jonny"]
[Black "Konopka, Michal"]
[Result "1-0"]
[WhiteElo "2500"]
[BlackElo "2415"]
[PlyCount "29"]
[EventDate "1996.??.??"]
[Source "ChessBase"]

1. e4 Nf6 2. Nc3 d5 3. e5 Nfd7 4. e6 fxe6 5. d4 c5 6. Nf3 Nc6 7. Bb5 e5 8. dxe5
e6 9. Ng5 Nd4 10. Qg4 Qe7 11. Nxh7 Nxc2+ 12. Kd1 Nxa1 13. Nxd5 exd5 14. Bg5
Qxe5 15. Qh5+ 1-0

[Event "BL2-N 9697"]
[Site "Germany"]
[Date "1997.??.??"]
[Round "?"]
[White "Polzin, Rainer"]
[Black "Hector, Jonny"]
[Result "1-0"]
[WhiteElo "2415"]
[BlackElo "2500"]
[PlyCount "117"]
[EventDate "1996.??.??"]
[Source "ChessBase"]

1. e4 e5 2. Nf3 Nc6 3. Bb5 Bc5 4. O-O Nd4 5. Nxd4 Bxd4 6. c3 Bb6 7. d4 c6 8.
Ba4 d6 9. Na3 exd4 10. cxd4 Ne7 11. d5 Bc7 12. dxc6 bxc6 13. Bg5 f6 14. Bf4 Ba6
15. Re1 Qd7 16. Rc1 Rd8 17. Qh5+ Kf8 18. Red1 Bb7 19. Nc4 Nc8 20. e5 d5 21. e6
Qe8 22. Qxe8+ Rxe8 23. Bxc7 dxc4 24. Rxc4 Rxe6 25. Bb3 Re8 26. Rf4 h5 27. h4
Rh6 28. Rd7 Re7 29. Rfd4 Rg6 30. Rd8+ Re8 31. R4d7 Rxd8 32. Bxd8 Ba6 33. Ba5
Rg4 34. f3 Rf4 35. Rf7+ Ke8 36. Rxg7 Rxh4 37. Bc3 Rf4 38. Be6 Ne7 39. Kf2 Nd5
40. g3 Ra4 41. Rxa7 Rxa2 42. Bf7+ Kf8 43. Bb4+ Nxb4 44. Bxa2 Bb5 45. Bb1 Nd5
46. Bg6 Nb6 47. b3 Nd5 48. Bxh5 Bd3 49. Bf7 Ne7 50. Bc4 Bg6 51. g4 Bc2 52. Ke3
Bg6 53. f4 Bc2 54. Ra8+ Kg7 55. Re8 Ng6 56. Rg8+ Kh6 57. Rc8 Bd1 58. Rxc6 Kg7
59. Rc7+ 1-0

[Event "Norrkoeping op"]
[Site "Norrkoeping"]
[Date "1996.??.??"]
[Round "4"]
[White "Hector, Jonny"]
[Black "Wikstrom, Per"]
[Result "1-0"]
[WhiteElo "2520"]
[BlackElo "2130"]
[PlyCount "47"]
[EventDate "1996.??.??"]
[Source "ChessBase"]

1. e4 e6 2. d4 d5 3. Nc3 Nf6 4. Bg5 Be7 5. e5 Nfd7 6. h4 a6 7. Qg4 Kf8 8. Nf3
c5 9. dxc5 Nc6 10. Na4 Ndxe5 11. Nxe5 Nxe5 12. Bxe7+ Qxe7 13. Qg3 f6 14. f4 Nc6
15. O-O-O Bd7 16. Be2 Kf7 17. Rhe1 Nb4 18. Qb3 a5 19. Nb6 Rad8 20. f5 g6 21.
Nxd7 Qxd7 22. a3 Nc6 23. fxe6+ Qxe6 24. Bf3 1-0

[Event "Copenhagen KS"]
[Site "Copenhagen"]
[Date "1996.??.??"]
[Round "7"]
[White "Hector, Jonny"]
[Black "Volke, Karsten"]
[Result "1-0"]
[WhiteElo "2525"]
[BlackElo "2475"]
[PlyCount "67"]
[EventDate "1996.07.05"]
[Source "ChessBase"]

1. e4 c5 2. Nf3 e6 3. d4 cxd4 4. Nxd4 Nf6 5. Nc3 d6 6. g4 Be7 7. g5 Nfd7 8. Qh5
g6 9. Qg4 Nc6 10. Be3 Nde5 11. Qg3 Nxd4 12. Bxd4 Bxg5 13. Bb5+ Kf8 14. h4 Bf6
15. O-O-O Qc7 16. f4 Nd7 17. h5 a6 18. Bxd7 Bxd4 19. Rxd4 Bxd7 20. hxg6 fxg6
21. Rhd1 Bc6 22. Rxd6 Kg7 23. f5 Rhf8 24. Qe5+ Kg8 25. fxg6 hxg6 26. Qxe6+ Qf7
27. Qxg6+ Qxg6 28. Rxg6+ Kf7 29. Rdg1 Rfe8 30. Nd5 Bxd5 31. exd5 Rad8 32. Rg7+
Kf6 33. Rxb7 Rxd5 34. Rb6+ 1-0

[Event "Berliner Sommer"]
[Site "Berlin"]
[Date "1996.??.??"]
[Round "2"]
[White "Hector, Jonny"]
[Black "Schulz, Rainer"]
[Result "1-0"]
[WhiteElo "2525"]
[BlackElo "2255"]
[PlyCount "91"]
[EventDate "1996.08.??"]
[Source "ChessBase"]

1. e4 c6 2. d4 d5 3. exd5 cxd5 4. c4 Nf6 5. Nc3 e6 6. Nf3 Bb4 7. cxd5 Nxd5 8.
Bd2 Nc6 9. Bd3 Be7 10. Qe2 Ncb4 11. Bb1 Bd7 12. O-O Nf6 13. Ne5 Rc8 14. Re1 Bc6
15. Bg5 O-O 16. Qe3 Nfd5 17. Qh3 f5 18. Bxe7 Nxe7 19. a3 Nbd5 20. Ba2 Rf6 21.
Nxc6 Rxc6 22. Qf3 Kf8 23. Re5 Nc7 24. Rd1 Rd6 25. Qxb7 Nc6 26. Ree1 Nxd4 27.
Qxa7 Rg6 28. Kh1 Rh6 29. h3 g5 30. Qc5 Kf7 31. Rxd4 Rxd4 32. Qxf5+ Kg7 33. Qe5+
Kf7 34. Ne4 Rd1 35. Nxg5+ Kg8 36. Nxe6 Rxe1+ 37. Qxe1 Nxe6 38. Bxe6+ Kf8 39.
Qe5 Rf6 40. f4 Qd1+ 41. Kh2 Kg7 42. Qg5+ Rg6 43. Qe7+ Kh6 44. Qh4+ Kg7 45. Qe7+
Kh6 46. Bf5 1-0